Rozhodovacie stromy v programe SAS Enterprise Miner
Rozhodovacie stromy sa používajú na predikciu a klasifikáciu. Rozhodovacie stromy predstavujú pravidlá. Ak sa rozhodovací strom používa na klasifikáciu (cieľová premenná je kategoriálna), nazýva sa klasifikačný strom. Ak je použitý pre regresné úlohy (cieľová premenná je spojitá), nazýva sa regresný...
Enregistré dans:
| Auteur principal: | |
|---|---|
| Format: | Chapitre de livre |
| Langue: | slovaque |
| Sujets: | |
| Tags: |
Pas de tags, Soyez le premier à ajouter un tag!
|
MARC
| LEADER | 00000naa$a2200000$$$4500 | ||
|---|---|---|---|
| 001 | 0229398 | ||
| 005 | 20240502073757.7 | ||
| 041 | 0 | |a slo | |
| 044 | |a SK | ||
| 245 | 1 | 0 | |a Rozhodovacie stromy v programe SAS Enterprise Miner |c Viera Labudová |
| 520 | |a Rozhodovacie stromy sa používajú na predikciu a klasifikáciu. Rozhodovacie stromy predstavujú pravidlá. Ak sa rozhodovací strom používa na klasifikáciu (cieľová premenná je kategoriálna), nazýva sa klasifikačný strom. Ak je použitý pre regresné úlohy (cieľová premenná je spojitá), nazýva sa regresný strom. Stručný opis modelov rozhodovacích stromov. Algoritmy rozhodovacích stromov. | ||
| 610 | 2 | 0 | |a analýza dát |
| 610 | 2 | 0 | |a analýza štatistická |
| 610 | 2 | 0 | |a rozhodovanie |
| 610 | 2 | 0 | |a prieskum štatistický |
| 610 | 2 | 0 | |a algoritmy |
| 610 | 2 | 0 | |a softvér |
| 100 | 1 | |a Labudová, Viera, 1958- | |